000 00470cam a2200205ua 4500
001 8402
005 20260515114330.0
008 150129n ii |||gr||||Z||||||eng
020 _a817096539X
040 _cMAIN
041 _aeng
082 _a822
100 _aBoulton, M.,
_eAuthor.
245 1 _aThe anatomy of drama
_cBy Marjorie Boulton
250 _a1st.
260 _aNew Delhi:
_bKalyani,
_c1992.
300 _a208p.
653 _aEnglish drama
942 _cBK
999 _c7505
_d7505